01465nam a22003257a 4500003000400000005001700004008004100021040002200062082001800084100003000102245003000132260006000162300002100222366000800243490003100251505009700282505017600379505001200555650006000567650005200627650005300679650004300732650004500775650005600820650004700876700003600923942002900959999001500988952013601003OSt20230616101558.0221006b |||||||| |||| 00| 0 eng d cBiblioteca Lado V a709.05bG851a 9855aGriffin, Timeeditor aArtforum/bInternacional/ aNew Yorkc1998bNew York editorial and business offices c26.5x27cma148p. eeng aNoviembrev1998x0864-1315 tCOLUMNSaBooks Film After Words Slant American Myths Hot List Curators Music Top Ten tFEATURESaTony Smith: Matters of Scale Jorge Pardo: Home Work Rem Koolhaas: House Play Collier Schorr: Like a Man 1000 Words: Tobias Rehberger Openings: Ugo Rondinone tREVIEWS 2Tesauro de Arte & ArquitecturaaARTE COMTEMPORANEO9703 2Tesauro de Arte & ArquitecturaaFOTOGRAFIA9702 2Tesauro de Arte & ArquitecturaaARTE VISUAL9702 2Tesauro de Arte & ArquitecturaaLIBROS 2Tesauro de Arte & ArquitecturaaNOTICIAS 2 Tesauro de Arte & ArquitecturaaARTE INTERNACIONAL 2 Tesauro de Arte & ArquitecturaaESCULTURA aNavarreta, Jose Antonioeeditor 2ddcc1h709.05iG851an0 c3854d3854 00102ddc3199840708RevistasaLVbLVd2023-06-16hNoviembrei002507l0o709.05 G851ap002507r2023-06-16 00:00:00w2023-06-16y1